Business Modeling and Software Design. 11th International Symposium on Business Modeling and Software Design, BMSD 2021, which took place in Sofia, Bulgaria, in July 2021. Proceedings
Guardat en:
| Altres autors: | |
|---|---|
| Format: | Desconegut |
| Idioma: | anglès |
| Publicat: |
Cham, Switzerland:
Springer,
2021
|
| Col·lecció: | Lecture Notes in Business Information Processing,
|
| Matèries: | |
| Etiquetes: |
Afegir etiqueta
Sense etiquetes, Sigues el primer a etiquetar aquest registre!
|
MARC
| LEADER | 00000 a2200000 4500 | ||
|---|---|---|---|
| 003 | CL-VaPUC | ||
| 005 | 20231213190721.0 | ||
| 008 | 220408b2021 ||||| |||| 00| 0 eng d | ||
| 999 | |c 435347 |d 435345 | ||
| 020 | |a 978-3-030-79975-5 | ||
| 040 | |c Pontificia Universidad Católica de Valparaíso | ||
| 082 | 7 | |a 005.7 SHI 2021 |2 22 | |
| 100 | 1 | |a Shishkov, Boris |9 868189 |e editor | |
| 245 | 1 | |a Business Modeling and Software Design. |b 11th International Symposium on Business Modeling and Software Design, BMSD 2021, which took place in Sofia, Bulgaria, in July 2021. Proceedings | |
| 260 | |a Cham, Switzerland: |b Springer, |c 2021 | ||
| 300 | |a 398 páginas | ||
| 440 | |a Lecture Notes in Business Information Processing, |9 868190 |n 422 | ||
| 583 | |k Cristina María Rojas Aguilar |c 20220408 | ||
| 650 | 0 | |a Sistemas de información gerencial |x Congresos |9 858697 | |
| 650 | 0 | |a Arquitectura de software |x Congresos |9 868218 | |
| 650 | 0 | |a Proceso de datos |9 259776 | |
| 942 | |2 ddc |c BK | ||
| 952 | |0 0 |1 0 |2 ddc |4 0 |6 005_700000000000000_SHI_2021 |7 0 |8 A |9 582524 |a BIBING |b BIBING |c GEN |d 2022-04-08 |e 1 |g 0.00 |i 5650569 |o 005.7 SHI 2021 |p 5650569 |r 2025-01-20 |t 1 |v 0.00 |w 2022-04-08 |y BK |k EII | ||